Ten golden nuggets to my dear family / (Record no. 103752)

MARC details
000 -LEADER
fixed length control field 00671nam a22002057a 4500
005 - DATE AND TIME OF LATEST TRANSACTION
control field 20230309124948.0
010 ## - LCCN (DPL NO)
LC control number ENG-116143,134594
020 ## - INTERNATIONAL STANDARD BOOK NUMBER
Terms of availability 250.00
International Standard Book Number 9789382782278
020 ## - INTERNATIONAL STANDARD BOOK NUMBER
Terms of availability 250.00
International Standard Book Number 9789382782315
035 ## - SYSTEM CONTROL NUMBER
System control number EN-99675,118126
037 ## - SOURCE OF ACQUISITION
Source of stock number/acquisition DBAD/PUB
082 ## - DEWEY DECIMAL CLASSIFICATION NUMBER
Classification number 808.882
100 ## - MAIN ENTRY--PERSONAL NAME
Personal name Chitkara, Ashok K.
245 ## - TITLE STATEMENT
Title Ten golden nuggets to my dear family /
Statement of responsibility, etc by Ashok K. Chitkara
250 ## - EDITION STATEMENT
Edition statement 5th ed.
260 ## - PUBLICATION, DISTRIBUTION, ETC. (IMPRINT)
Place of publication, distribution, etc Chandigarh
Name of publisher, distributor, etc Chitkara University Publications
Date of publication, distribution, etc 2016
270 ## - ADDRESS
Address Saraswati Kendra, PO Box No.70 SCO 160-161, Sector 9-C
City Chandigarh
Postal code 160009
300 ## - PHYSICAL DESCRIPTION
Extent 266p. :
Dimensions 19cm(pbk)
Other physical details ill.
942 ## - ADDED ENTRY ELEMENTS (KOHA)
Source of classification or shelving scheme Dewey Decimal Classification
Item type English Books
Classification part 808.882
Call number suffix CHI
Holdings
Withdrawn status Lost status Not for loan Collection code Home library Current library Date acquired Source of acquisition Cost, normal purchase price Full call number Barcode Copy number Cost, replacement price Koha item type
      Non-fiction Ashok Vihar Ashok Vihar 24/08/2022 DBAD/PUB 250.00 808.882 CHI EN-118126 2 250.00 English Books
      Non-fiction Katevara Katevara 29/09/2016 DBAD/PUB 250.00 808.882 CHI EN-99675 1 250.00 English Books

© Delhi Public Library
Hit Counter
free hit counter